<?xml version="1.0" encoding="UTF-8"?>
<record
    xmlns:xsi="http://www.w3.org/2001/XMLSchema-instance"
    xsi:schemaLocation="http://www.loc.gov/MARC21/slim http://www.loc.gov/standards/marcxml/schema/MARC21slim.xsd"
    xmlns="http://www.loc.gov/MARC21/slim">

  <leader>01232njm a2200277 i 4500</leader>
  <controlfield tag="001">4502</controlfield>
  <controlfield tag="003">ES-MaACL</controlfield>
  <controlfield tag="005">20240619063034.0</controlfield>
  <controlfield tag="007">s|r|||||||||||</controlfield>
  <controlfield tag="008">041124s1981    sp ||| g ||||||||1|nspa d</controlfield>
  <datafield tag="100" ind1="1" ind2=" ">
    <subfield code="a">Benito Ruano, Eloy.</subfield>
    <subfield code="9">27689</subfield>
  </datafield>
  <datafield tag="245" ind1="1" ind2="1">
    <subfield code="a">&#xBF;Desde cuando Espa&#xF1;a? </subfield>
    <subfield code="h">[Grabaci&#xF3;n sonora] / </subfield>
    <subfield code="c">interviene Eloy Benito Ruano.</subfield>
  </datafield>
  <datafield tag="260" ind1=" " ind2=" ">
    <subfield code="a">Madrid : </subfield>
    <subfield code="b">Ateneo de Madrid, </subfield>
    <subfield code="c">1981.</subfield>
  </datafield>
  <datafield tag="300" ind1=" " ind2=" ">
    <subfield code="a">2 discos (CD-DA) (1 h. 32 min. 72 seg.) ; </subfield>
    <subfield code="c">12 cm.</subfield>
  </datafield>
  <datafield tag="490" ind1="1" ind2=" ">
    <subfield code="a">Conferencias sobre el ordenamiento territorial del estado en la historia de Espa&#xF1;a</subfield>
  </datafield>
  <datafield tag="500" ind1=" " ind2=" ">
    <subfield code="a">Datos basados en invitaci&#xF3;n.</subfield>
  </datafield>
  <datafield tag="518" ind1=" " ind2=" ">
    <subfield code="a">Acto organizado por la Secci&#xF3;n de Historia del Ateneo de Madrid, grabado en el sal&#xF3;n de actos el mi&#xE9;rcoles 11 de febrero de 1981, a las 20:00 h.</subfield>
  </datafield>
  <datafield tag="610" ind1="2" ind2="4">
    <subfield code="a">Ateneo de Madrid-</subfield>
    <subfield code="x">Actos culturales-</subfield>
    <subfield code="y">1981-</subfield>
    <subfield code="v">Grabaciones sonoras.</subfield>
    <subfield code="9">1893</subfield>
  </datafield>
  <datafield tag="651" ind1=" " ind2="4">
    <subfield code="a">Espa&#xF1;a-</subfield>
    <subfield code="x">Historia.</subfield>
    <subfield code="9">8209</subfield>
  </datafield>
  <datafield tag="710" ind1="2" ind2=" ">
    <subfield code="a">Ateneo de Madrid. </subfield>
    <subfield code="b">Secci&#xF3;n de Historia.</subfield>
    <subfield code="9">1994</subfield>
  </datafield>
  <datafield tag="830" ind1="0" ind2=" ">
    <subfield code="a">Conferencias sobre el ordenamiento territorial del Estado en la historia de Espa&#xF1;a</subfield>
    <subfield code="9">176672</subfield>
  </datafield>
  <datafield tag="852" ind1=" " ind2=" ">
    <subfield code="a">ES-MaACL</subfield>
    <subfield code="j">ROT 4/3/38</subfield>
    <subfield code="9">4619</subfield>
    <subfield code="c">ROT</subfield>
  </datafield>
  <datafield tag="852" ind1=" " ind2=" ">
    <subfield code="a">ES-MaACL</subfield>
    <subfield code="j">ROT 4/3/39</subfield>
    <subfield code="9">203550</subfield>
    <subfield code="c">ROT</subfield>
  </datafield>
  <datafield tag="942" ind1=" " ind2=" ">
    <subfield code="2">udc</subfield>
  </datafield>
  <datafield tag="999" ind1=" " ind2=" ">
    <subfield code="c">4502</subfield>
    <subfield code="d">4502</subfield>
  </datafield>
  <datafield tag="952" ind1=" " ind2=" ">
    <subfield code="0">0</subfield>
    <subfield code="1">0</subfield>
    <subfield code="2">udc</subfield>
    <subfield code="4">0</subfield>
    <subfield code="7">0</subfield>
    <subfield code="8">archivo_palabra</subfield>
    <subfield code="a">ATENEOM</subfield>
    <subfield code="b">ATENEOM</subfield>
    <subfield code="c">ROT</subfield>
    <subfield code="d">2008-01-17</subfield>
    <subfield code="l">0</subfield>
    <subfield code="o">ROT 4/3/38</subfield>
    <subfield code="p">1004565</subfield>
    <subfield code="r">2023-02-23 00:00:00</subfield>
    <subfield code="w">2023-02-23</subfield>
    <subfield code="y">CDROM</subfield>
  </datafield>
  <datafield tag="952" ind1=" " ind2=" ">
    <subfield code="0">0</subfield>
    <subfield code="1">0</subfield>
    <subfield code="2">udc</subfield>
    <subfield code="4">0</subfield>
    <subfield code="7">0</subfield>
    <subfield code="8">archivo_palabra</subfield>
    <subfield code="a">ATENEOM</subfield>
    <subfield code="b">ATENEOM</subfield>
    <subfield code="c">ROT</subfield>
    <subfield code="d">2008-01-17</subfield>
    <subfield code="l">0</subfield>
    <subfield code="o">ROT 4/3/39</subfield>
    <subfield code="r">2024-06-17 00:00:00</subfield>
    <subfield code="w">2023-02-23</subfield>
    <subfield code="y">CDROM</subfield>
  </datafield>
</record>
